000
00310nam a2200133Ia 4500
008
150201s2011 xx 000 0 und d
082
_a
610.7368
_b
P11S
100
_a
SWARUP , NUPUR
245
_a
PSYCHIATRIS NURSING
260
_b
AITBS
_a
DELHI
_c
2011
300
_a
124
650
_a
PSYCHIATRY
942
_2
ddc
_c
BK
999
_c
1932
_d
1932